Space mission / (Record no. 588799)

000 -LEADER
fixed length control field 00318nam a22001217a 4500
020 ## - INTERNATIONAL STANDARD BOOK NUMBER
International Standard Book Number 9787508540030
040 ## - CATALOGING SOURCE
Transcribing agency NUST
082 ## - DEWEY DECIMAL CLASSIFICATION NUMBER
Classification number 629.40951
Author Mark JIA
245 ## - TITLE STATEMENT
Title Space mission /
Statement of responsibility, etc. Jianqi Zhang
260 ## - PUBLICATION, DISTRIBUTION, ETC.
Place of publication, distribution, etc. Beijing Shi :
Name of publisher, distributor, etc. China Intercontinental Press,
Date of publication, distribution, etc. 2019.
300 ## - PHYSICAL DESCRIPTION
Extent 511 pages ; 23 cm.
942 ## - ADDED ENTRY ELEMENTS (KOHA)
Source of classification or shelving scheme
Koha item type Book
Holdings
Withdrawn status Lost status Source of classification or shelving scheme Damaged status Not for loan Permanent Location Current Location Shelving location Date acquired Total Checkouts Full call number Barcode Date last seen Price effective from Koha item type
          Centre for International Peace & Stability (CIPS) Centre for International Peace & Stability (CIPS) General Stacks 03/16/2022   629.40951 JIA 2019 CIPSD0000665 03/16/2022 03/16/2022 Book
© 2023 Central Library, National University of Sciences and Technology. All Rights Reserved.